| 000 | 02051nam a2200445 a 4500 | ||
|---|---|---|---|
| 003 | BLK | ||
| 005 | 20240709140611.0 | ||
| 008 | 180409b bul|||||r ||||||| ||bul|| | ||
| 010 | _aKNG00136839000 | ||
| 020 | _a9786199164211 | ||
| 040 | _aBLK | ||
| 041 |
_aBUL _cBUL |
||
| 080 |
_aЕтнология. Етнография. Нрави. Обичаи. Бит. Фолклористика. Вж и 572 ; 903 ; 904 _b39 _x(=163.2)(059)(497.2) _z39(=163.2)(059)(497.2) |
||
| 100 |
_aБанкова, Петя Динчова _9401973 _d1964 - |
||
| 245 | 1 | 0 |
_aТрадиции и празници на българите _bалманах _cПетя Банкова, Рачко Попов ; ил. Росен Найденов, Анна Маринова ; предг. Иван Христов, Андрей Арнаудов. |
| 246 | 3 | _aАлманах - Традиции и празници на българите | |
| 257 | _aBGR | ||
| 260 |
_aСофия _bBooktrading _c2020 _9211746 _f([Костинброд] : [Мултипринт ООД]) |
||
| 300 |
_a368 с. _bс цв. ил. _c25 см |
||
| 380 | _a3 | ||
| 500 | _aКратък речник на остарелите думи: с. 272-273 | ||
| 650 | 7 |
_aНародни обичаи и обреди, български _9163359 |
|
| 650 | 0 |
_aПразници, български _9243477 |
|
| 650 | 0 |
_aБългария - етнография _9247281 |
|
| 653 | _aбит | ||
| 653 | _aкултура | ||
| 653 | _aтрадиции | ||
| 653 | _aпразници | ||
| 653 | _aнародни обичаи | ||
| 653 | _aоблекло | ||
| 653 | _aзанаяти | ||
| 700 |
_9248338 _aПопов, Рачко Иванов |
||
| 700 | 1 |
_9137896 _aХристов, Иван Христов |
|
| 700 |
_9493633 _aАрнаудов, Андрей Василев |
||
| 856 | 4 |
_qpdf _i0.00 _ldisable |
|
| 856 | 4 |
_qpdf _i0.00 _ldisable |
|
| 942 |
_cKNG _n0 _s1 _06 |
||
| 944 |
_c2023-03-16 _lГеновева Генчева _k30560 |
||
| 999 |
_c489107 _d489107 |
||